000 00546nam a2200241 a 4500
001 nice12345678
003 IN_TiNIC
005 20260116011252.0
008 050524s1953 lona grp 000 0 eng
020 _a
_c100
082 0 0 _a231.044
_bWEL
100 _aWelch, C
245 _aTrinity in Contemporary Theology
260 _aLondon
_bScm Press
_c1953
300 _a313p
500 _aincludes index and biblioraphy
505 2 _aIndex
650 _aTrinity
700 1 _aWelch, C
902 _bSRS
942 _cBK
999 _c31
_d31